Manual de orientación para la reflexividad y el autocuidado : dirigido a coordinadores de equipos psicosociales de los programas del sistema de protección social Chile Solidario

Desde sus inicios, Chile Solidario apostó por una forma distinta de enfrentar el trabajo con las familias y personas más vulnerables. En lugar de sólo generar condiciones para mejorar su probabilidad de acceso y participación en programas y servicios sociales, se generó además un dispositivo especia...

Descripción completa

Detalles Bibliográficos
Autor Corporativo: Unidad de desarrollo programático de la Secretaría Ejecutiva de Protección Social
Formato: Libro electronico
Lenguaje:español
Acceso en línea:Acceso electrónico al documento

MARC

LEADER 00000cam a2200000 a 4500
001 030288
003 UAHC_CL
005 20251128202257.0
008 251128s2011 cl 000 spa
040 |a UAHC_CL  |c UAHC_CL  |d UAHC_CL 
110 |a Unidad de desarrollo programático de la Secretaría Ejecutiva de Protección Social  |9 22559 
245 1 0 |a Manual de orientación para la reflexividad y el autocuidado :  |b dirigido a coordinadores de equipos psicosociales de los programas del sistema de protección social Chile Solidario  |c Unidad de desarrollo programático de la Secretaría Ejecutiva de Protección Social. 
264 |a Santiago, Chile :  |b MIDEPLAN,  |c 2011. 
300 |a 97 páginas 
500 |a Sitio visitado https://www.desarrollosocialyfamilia.gob.cl/btca/txtcompleto/chs/12471430384ba8c2343ecf9.pdf el 26 de noviembre de 2025. 
520 |a Desde sus inicios, Chile Solidario apostó por una forma distinta de enfrentar el trabajo con las familias y personas más vulnerables. En lugar de sólo generar condiciones para mejorar su probabilidad de acceso y participación en programas y servicios sociales, se generó además un dispositivo especialmente pensado para trabajar de manera cercana con las personas, llamándolas por sus nombres, visitándolas en sus domicilios y, sobre todo, generando un vínculo de apoyo que permitiera sacar lo mejor de cada cual y enfrentar con renovado espíritu las adversidades. Se inaugura así la era de los servicios especializados de apoyo psicosocial, cuya principal prestación es la presencia de un profesional, un hombre o una mujer puesto en ese lugar para hacer una intervención motivacional, informar, aconsejar, orientar y, sobre todo, acompañar procesos de larga duración, relacionados con la transformación de vidas de personas comprometidas con su propia biografía. 
856 |3 Acceso electrónico al documento  |u https://www.desarrollosocialyfamilia.gob.cl/btca/txtcompleto/chs/12471430384ba8c2343ecf9.pdf 
942 |c LE  |2 ddc 
952 |0 0  |1 0  |2 ddc  |4 0  |6 RECURSO_ELECTRÓNICO  |7 0  |8 BAS  |9 101521  |a BR  |b BR  |c Digital  |d 2025-11-28  |l 0  |o Recurso electrónico  |r 2025-11-28 20:23:19  |w 2025-11-28  |y LE  |B TSOC 
999 |c 63207  |d 63207